[Event "HCL-B229"]
[Site "www.playchess.de"]
[Date "2001.03.21"]
[Round "17"]
[White "German04"]
[Black "dakini"]
[WhiteElo "1198"]
[BlackElo "1145"]
[PlyCount "49"]
[Result "1-0"]

1.e4 c6 2.Nc3 d5 3.d4 dxe4 4.Nxe4 Bf5 5.Nc5 e5 
6.Qd2 exd4 7.Nb3 c5 8.Na5 b6 9.Qe2+ Qe7 10.Nb3 
Bxc2 11.Qxe7+ Bxe7 12.Bb5+ Kd8 13.Bc4 f6 14.Bd5 c4 
15.Nxd4 Bb4+ 16.Bd2 c3 17.Bxc3 Ne7 18.Bxa8 Bxc3+ 
19.bxc3 Ba4 20.Ne6+ Kd7 21.Nxg7 Rg8 22.Nh5 Nbc6 
23.Bxc6+ Bxc6 24.Nf3 Re8 25.Nxf6+ 1-0

[Event "HCL-B234"]
[Site "www.playchess.de"]
[Date "2001.03.21"]
[Round "6"]
[White "guanzi"]
[Black "rafita"]
[WhiteElo "1200"]
[BlackElo "1418"]
[PlyCount "53"]
[Result "1-0"]

1.e4 c5 2.Nf3 d6 3.c3 Nf6 4.d3 Nc6 5.Be2 Bg4 6.h3 
{Hello rafita, good luck!}  Bh5 {hi, how are 
things in Sweden?}  7.O-O {Good, pero tu hablas 
español? Yo soy nacido en Argentina, pero llegé a 
Suecia cuando tenía 3 años.}  e6 {claro que hablo 
español, ¿son tus padres argentinos?}  8.Bg5 {sí, 
mis padres argentinos. adonde en mexico vives?}  
Be7 {en la capital (ciudad de Mexico), tu en 
donde?}  9.g4 {en estocolmo}  Bg6 10.Nh4 Nxe4 
11.Bxe7 Qxe7 12.Nxg6 {a que te dedicas?}  hxg6 
{soy profesor de matematicas, y tu?}  13.dxe4 Rxh3 
14.Kg2 {soy estudiante de medicina}  Qh4 15.Rh1 
Rxh1 16.Qxh1 Qxh1+ 17.Kxh1 Ke7 {parece que no 
funciono mi ataque...}  18.Kg2 {no, no funcionó}  
d5 19.Nd2 d4 20.Rc1 d3 21.Bf1 Ne5 22.Kg3 c4 23.f4 
Nc6 24.Nxc4 Rd8 25.Rd1 b5 26.Na3 a6 {bien jugado, 
me voy a rendir la proxima, espero vernos otra vez 
para la revancha! :)}  27.Bxd3 {Suerte en los 
otros partidos, y hasta la revancha!} 
 1-0

[Event "HCL-B242"]
[Site "www.playchess.de"]
[Date "2001.03.21"]
[Round "2"]
[White "Whatever"]
[Black "dakini"]
[WhiteElo "1505"]
[BlackElo "1135"]
[PlyCount "25"]
[Result "1-0"]

1.e4 {Have a good game.}  c6 2.d4 d5 3.e5 Bf5 
4.Bd3 Bxd3 5.Qxd3 e6 6.Ne2 Nd7 7.O-O c5 8.c4 g6 
9.cxd5 exd5 10.Nbc3 c4 11.Qf3 Nb8 12.Nxd5 Ne7 
13.Nf6+ 1-0

[Event "HCL-B242"]
[Site "www.playchess.de"]
[Date "2001.03.21"]
[Round "7"]
[White "player27"]
[Black "dakini"]
[WhiteElo "1454"]
[BlackElo "1135"]
[PlyCount "43"]
[Result "1/2-1/2"]

1.e4 {hy Thomas auf ein letztes 
(vorläufig),brauche ein Päuschen,gehe es ruhiger 
an -andy}  c6 2.d4 d5 {So langsam bewege ich mich 
auch Richtung Sommerpause.}  3.exd5 {an Sommer gar 
nicht zu denken, Eisregen *bibber*}  cxd5 4.c4 
{aber du sagst es, eine Pause ist sehr wichtig,hab 
mich schon in einen Rausch gespielt ; )}  Nf6 
5.Nc3 Bf5 6.Qb3 b6 7.cxd5 e6 8.Bb5+ Nbd7 9.dxe6 
Bxe6 10.d5 Bf5 11.Nf3 a6 12.Nd4 axb5 13.Nxf5 g6 
14.O-O {Guten Morgen Thomas, ich lasse den 
Springer hängen und rochiere}  Nc5 {Ein kleiner 
Zwischenschritt sei mir gegönnt!}  15.Re1+ {der 
schaut nicht schlecht aus, aber ein Schach ist 
unwiderstehlich}  Kd7 16.Qxb5+ Kc7 17.Bg5 h6 
18.Bf4+ Kb7 19.Nd6+ {wie kann der Tag besser 
beginnen als mit Schach )}  Bxd6 20.Qc6+ Ka6 
21.Bxd6 Rc8 22.Qb5+ {fürchterlich 
langweilig...*g*...willst du remis} 
 1/2-1/2

[Event "ACL-A127"]
[Site "www.playchess.de"]
[Date "2001.03.21"]
[Round "36"]
[White "DIG"]
[Black "Edik"]
[WhiteElo "1743"]
[BlackElo "1724"]
[PlyCount "55"]
[Result "1/2-1/2"]

1.e4 Nf6 2.e5 Nd5 3.d4 d6 4.c4 Nb6 5.f4 dxe5 
6.fxe5 c5 7.d5 e6 8.Nc3 exd5 9.cxd5 c4 10.Nf3 Bg4 
11.Qd4 Bxf3 12.gxf3 Bb4 13.Bxc4 O-O 14.Bh6 N8d7 
15.e6 Ne5 16.Rg1 g6 17.Be2 Bc5 18.Qxe5 Qh4+ 19.Rg3 
Qxh6 20.Ne4 f6 21.Nxf6+ Rxf6 22.Qxf6 Qxh2 23.Qf7+ 
Kh8 24.Qf6+ Kg8 25.Qf7+ Kh8 26.Qf6+ Kg8 27.Qf7+ 
Kh8 28.Qf6+ 1/2-1/2

[Event "HCL-B249"]
[Site "www.playchess.de"]
[Date "2001.03.21"]
[Round "9"]
[White "ronen"]
[Black "sundfar"]
[WhiteElo "1200"]
[BlackElo "1461"]
[PlyCount "44"]
[Result "0-1"]

1.e4 {hello}  e5 {Hello Israel, Bjorn from Norway 
wish you good luck in this tournament!}  2.c4 
{thank you}  Nf6 3.d3 g6 4.Nc3 c6 5.Qb3 Bg7 6.Bg5 
O-O 7.Nh3 Na6 8.Be2 c5 9.O-O d6 10.Nd5 Bxh3 
11.gxh3 Nc7 12.Bg4 h5 13.Bf3 Ne6 14.Bxf6 Bxf6 
15.Nxf6+ Qxf6 16.Be2 Nd4 17.Qd1 Qe6 18.a3 Qxh3 
19.f3 Ne6 20.b4 Nf4 21.Rf2 Qh4 22.Kh1 Qxf2 {you 
shold have moved the other direction} 
 0-1

[Event "HCL-C254"]
[Site "www.playchess.de"]
[Date "2001.03.21"]
[Round "10"]
[White "MEATHEAD"]
[Black "TuffGong"]
[WhiteElo "1083"]
[BlackElo "1042"]
[PlyCount "28"]
[Result "0-1"]

1.d4 e6 2.Nf3 Nc6 3.Bg5 f6 4.Bh4 g5 5.Bg3 f5 6.h4 
g4 7.Nfd2 Nxd4 8.Be5 Bg7 9.Bxg7 g3 10.fxg3 d6 
11.e3 Qe7 12.Bxh8 e5 13.exd4 exd4+ 14.Kf2 
Qe3+ 0-1

[Event "HCL-A028"]
[Site "www.playchess.de"]
[Date "2001.03.22"]
[Round "24"]
[White "DKCozy"]
[Black "Sd_68"]
[WhiteElo "1774"]
[BlackElo "1741"]
[PlyCount "78"]
[Result "0-1"]

1.f4 d5 2.e3 Nc6 3.Nf3 Bg4 4.Bb5 Qd6 5.O-O Nf6 
6.b3 g6 7.Bb2 Bg7 8.h3 Bf5 9.g4 Bd7 10.Ba3 Nb4 
11.Nc3 Bxb5 12.Nxb5 Qb6 13.Nxc7+ Qxc7 14.Bxb4 Ne4 
15.c3 a5 16.Ba3 b5 17.Rc1 O-O 18.Nd4 Rfb8 19.Bb2 
e5 20.fxe5 Qxe5 21.Qf3 Rbf8 22.Qg2 a4 23.b4 a3 
24.Ba1 Qg3 25.Qxg3 Nxg3 26.Rf2 Rab8 27.Kg2 
{interesting pos.. !}  Ne4 {Indeed it is}  28.Re2 
Nd6 29.Rf1 Rfe8 30.Nb3 Rb7 31.Nc5 Rbe7 32.Ref2 Nc4 
33.Kg1 f6 34.Nd3 Bh6 35.Rd1 Nxd2 36.Rdxd2 Bxe3 
37.Kf1 Bxd2 38.Rxd2 R7e3 39.Nf2 
R3e1+ 0-1

[Event "HCL-B107"]
[Site "www.playchess.de"]
[Date "2001.03.22"]
[Round "4"]
[White "Peter_Dik"]
[Black "JayKay"]
[WhiteElo "1200"]
[BlackElo "2000"]
[PlyCount "52"]
[Result "0-1"]

1.e4 e5 2.Nf3 d6 3.c3 Bd7 4.d4 exd4 5.cxd4 Nf6 
6.Nc3 Nc6 7.Bc4 Na5 8.Be2 Be7 9.O-O O-O 10.Re1 Bg4 
11.e5 dxe5 12.dxe5 Qxd1 13.Rxd1 Nd7 14.Rd4 Be6 
15.Bd2 c5 16.Rd3 c4 17.Rd4 Nc6 18.Re4 Nc5 19.Rf4 
g5 20.Rxc4 Bxc4 21.Bxc4 g4 22.Bh6 gxf3 23.Bxf8 
Bxf8 24.Re1 Bg7 25.gxf3 Nxe5 26.Bd5 
Rd8 0-1

[Event "HCL-B135"]
[Site "www.playchess.de"]
[Date "2001.03.22"]
[Round "31"]
[White "Deppenhaufen"]
[Black "Romulus73"]
[WhiteElo "1500"]
[BlackElo "1835"]
[PlyCount "83"]
[Result "1/2-1/2"]

1.d4 Nf6 2.c4 e6 3.Nc3 Bb4 4.Qc2 O-O 5.a3 Bxc3+ 
6.Qxc3 d5 7.Bg5 c6 8.e3 Nbd7 9.Nf3 b6 10.Bd3 Bb7 
11.O-O c5 12.Ne5 cxd4 13.Qxd4 Nc5 14.Bc2 dxc4 
15.Qxc4 h6 16.Rfd1 Bd5 17.Bxf6 Qxf6 18.Qf4 Qxf4 
19.exf4 Rac8 20.b4 Nb3 21.Bxb3 Bxb3 22.Rd7 f6 
23.Nf3 Rf7 24.Rxf7 Kxf7 25.Nd4 Ba4 26.h4 Rc4 
27.Ne2 Rc2 28.Nd4 Rd2 29.Nf3 Rd3 30.Rc1 Rd1+ 
31.Rxd1 Bxd1 32.Nd4 g6 33.Kf1 a6 34.Ke1 Ba4 35.Kd2 
Ke7 36.Ke3 Kd6 37.Ne2 Bb5 38.Nc3 Bc6 39.g4 f5 
40.g5 hxg5 41.hxg5 e5 42.fxe5+ 1/2-1/2

[Event "HCL-C133"]
[Site "www.playchess.de"]
[Date "2001.03.22"]
[Round "18"]
[White "babycakes"]
[Black "Hanbei"]
[WhiteElo "661"]
[BlackElo "988"]
[PlyCount "44"]
[Result "0-1"]

1.e4 e6 2.d4 d5 3.Nd2 c5 4.exd5 exd5 5.Ngf3 Bg4 
6.h3 Bxf3 7.Nxf3 cxd4 8.Nxd4 Nc6 9.Bb5 Rc8 10.c3 
a6 11.Ba4 b5 12.Bc2 Nxd4 13.cxd4 Bb4+ 14.Bd2 Bxd2+ 
15.Qxd2 Qe7+ 16.Kd1 Rc6 {Nice try}  17.Bf5 {I aint 
finished yet!}  Nf6 {Oh... You ain't?}  18.Re1 Ne4 
19.Bxe4 dxe4 20.f3 O-O 21.fxe4 {OK, so I'm done 
now.}  Re8 22.d5 Rc4 0-1

[Event "HCL-E016"]
[Site "www.playchess.de"]
[Date "2001.03.22"]
[Round "15"]
[White "edwardchess"]
[Black "seedythayer"]
[WhiteElo "1947"]
[BlackElo "2238"]
[PlyCount "44"]
[Result "0-1"]

1.d4 f5 2.Bg5 c6 3.c3 Qc7 4.Nf3 d6 5.e3 Be6 6.Bd3 
g6 7.Nbd2 Nh6 8.O-O Nf7 9.h4 Bg7 {Hi. Play at 
last! ;-)}  10.e4 {Yes, glad that things are going 
again.  Regards,  Edward}  fxe4 11.Nxe4 Bg4 {Hard 
to get back into the games again. Regards Charles} 
 12.Re1 d5 13.Nf6+ Bxf6 {Hi. Saw this. but missed 
that g4 bishop hangs.}  14.Bxf6 O-O 15.Rxe7 Nd7 
16.Qc2 Qd6 17.Bxg6 Qxf6 18.Bxh7+ Kh8 19.Rae1 Bxf3 
{Hi. Wish I had an extra move!}  20.Rxd7 Qxh4 
21.Ree7 Rfg8 {Hi. Planned this a few moves ago, 
but conputer access has been hard.}  22.Bg6 Qg4 { 
Hi}  0-1

[Event "HCL-B152"]
[Site "www.playchess.de"]
[Date "2001.03.22"]
[Round "10"]
[White "Morpheus"]
[Black "lostpawn2000"]
[WhiteElo "1328"]
[BlackElo "1644"]
[PlyCount "70"]
[Result "1/2-1/2"]

1.e4 c6 2.d4 d5 3.exd5 cxd5 4.c4 Nf6 5.Nc3 e6 
6.Nf3 Bb4 7.Bd2 O-O 8.a3 Bxc3 9.Bxc3 Nc6 10.Bd3 
dxc4 11.Bxc4 Ne4 12.O-O Nxc3 13.bxc3 Bd7 14.Qc2 
Na5 15.Bd3 f5 16.Ne5 Be8 17.Rfe1 Qd5 18.Rab1 b6 
19.f3 Qd6 20.Qa2 Rc8 21.Rec1 Nc6 22.Nxc6 Bxc6 
23.Bc4 Bd5 24.Bxd5 Qxd5 25.Qxd5 exd5 26.Rb5 Rfd8 
27.f4 g6 28.a4 Rc4 29.a5 bxa5 30.Rxa5 Rdc8 31.Rxa7 
Rxd4 32.Rd7 Rxf4 33.Rxd5 Rb4 34.Rd7 Rbc4 35.Rd3 
Kf7 1/2-1/2

[Event "HCL-C161"]
[Site "www.playchess.de"]
[Date "2001.03.22"]
[Round "14"]
[White "man"]
[Black "dg"]
[WhiteElo "1000"]
[BlackElo "1148"]
[PlyCount "72"]
[Result "0-1"]

1.e4 e5 2.Nf3 Nc6 3.Bc4 Nf6 4.d3 h6 5.Be3 d6 6.O-O 
Na5 7.Nbd2 b6 8.b4 Nxc4 9.Nxc4 Be6 10.Ncd2 Be7 
11.c4 O-O 12.h3 Nh7 13.Nh2 Bg5 14.f4 Bxf4 15.Bxf4 
exf4 16.Rxf4 Qg5 17.Rf3 f5 18.exf5 Rxf5 19.Rxf5 
Bxf5 20.Ndf3 Qg6 21.Nh4 Qg5 22.N2f3 Qd8 23.Nxf5 
Qf6 24.Ng3 Rf8 25.Ne4 Qg6 26.Nd4 c5 27.Nc6 Qf7 
28.Qf1 Qc7 29.Qe1 Qxc6 30.b5 Qd7 31.Qg3 d5 32.Nf2 
dxc4 33.dxc4 Ng5 34.Rd1 Qf7 35.Rd5 Nh7 36.Ng4 
Qg6 0-1

[Event "HCL-B159"]
[Site "www.playchess.de"]
[Date "2001.03.22"]
[Round "2"]
[White "boricua-beefcake"]
[Black "cjmag"]
[WhiteElo "1700"]
[BlackElo "1500"]
[PlyCount "28"]
[Result "0-1"]

1.e4 {good luck}  c5 {Hello and good luck}  2.Nf3 
Nc6 3.Bc4 {thx}  e6 4.d4 d5 5.Bb5 dxe4 6.Nfd2 cxd4 
7.Nxe4 Qa5+ 8.Nbc3 dxc3 9.Nxc3 Bb4 10.Bxc6+ bxc6 
11.Bd2 Qe5+ 12.Qe2 Qxe2+ 13.Kxe2 Ba6+ 14.Kd1 
Nf6 0-1

[Event "HCL-C164"]
[Site "www.playchess.de"]
[Date "2001.03.22"]
[Round "10"]
[White "KillMe"]
[Black "MAPS"]
[WhiteElo "800"]
[BlackElo "1000"]
[PlyCount "30"]
[Result "0-1"]

1.e4 {Hi}  e5 {Hello, I am Miguel}  2.Nf3 Nc6 
{Good luck!}  3.d3 Nf6 {See you later!}  4.Bg5 h6 
5.Bxf6 Qxf6 {You are playing 3 more games and it 
seems you have not been notified.}  6.Nc3 Bb4 7.a3 
Bxc3+ 8.bxc3 d5 9.exd5 Ne7 {What time is it 
there?}  10.c4 {Hi, we have GMT + 1 hour. What 
about you?}  Bg4 {I don't know about GMT but I 
have the es}  11.Rb1 e4 {I'm sorry you lost your 
first game.}  12.dxe4 {Just a beginner's mistake.I 
messed up moves on my planning board-I did not 
know real position:-(}  Qc3+ {Well, Good Luck for 
the rest of them.}  13.Qd2 Qxa3 14.Rb3 Qa1+ 15.Qd1 
Qxd1+ 0-1

[Event "HCL-C168"]
[Site "www.playchess.de"]
[Date "2001.03.22"]
[Round "9"]
[White "JRockne"]
[Black "Mordechai"]
[WhiteElo "598"]
[BlackElo "1000"]
[PlyCount "50"]
[Result "0-1"]

1.e4 e6 {Greetings from Tampa, Florida}  2.d4 d5 
3.Nc3 {Hello from the other corner--seattle}  Nf6 
4.Bg5 dxe4 5.Nxe4 Be7 {Nice to hear from you 
again.}  6.Nxf6+ {I'm in the process of changing 
jobs.  I may be away for a week or so.  Joe.}  
gxf6 {Thanks for letting me know.  Good luck with 
your new job.}  7.Be3 {I should be settling in by 
friday of this week.}  Nd7 {How are you doing at 
your new job?}  8.Nf3 {just started today.}  c6 
9.Bd3 {The new job is going very well. I'm an 
attorney that is returning to private practice...} 
 b6 {I am attorney also in private practice - 
mostly real estate and general business.}  10.Kf1 
{I'm litigating real estate and general business 
matters.  I enjoy it very much.}  Qc7 11.Qd2 e5 
{Got your email.  I will respond when I have a 
little more time.}  12.g3 Bb7 13.c4 exd4 14.Bf4 
Ne5 {I hope you didn't suffer any ill effects from 
the earthquake.}  15.Nxe5 {No ill effects.  but it 
was wild!}  fxe5 {Was away for the weekend. Family 
function at Club Med-Port St Lucie, FL-caters to 
families & childre}  16.Bg5 {What age children? K 
and I thinking about doing a club-med.}  O-O-O 
{Not sure, but I would guess under 12. I can give 
you more details in an email.}  17.Ke1 c5 {Glad to 
see the site is up and running again.}  18.Rg1 {Do 
you have Fritz 8? or any of the Fritz chessplaying 
programs?}  e4 {I don't have any of the Fritz's. 
Do you? I hear that they are excellent programs?}  
19.Bxe7 {I do not have Fritz.  But I understand 
that it has great tutorials.}  Qxe7 {Let me know 
if you find out anything more about the Fritz 
tutorials.}  20.Bc2 {If I have time!  Working on a 
lender liabililty settlement agreement.  (We rep 
the borrower).}  Rhe8 {Lender liability can be 
tough case. Settlment is good.}  21.Kd1 {Yes. 
Tough.  I had enough to avoid a summary judgment 
but trial would have been difficult!}  e3 {How 
many lawyers are there in your firm?}  22.Bf5+ 
{Four.  Husband/wife partners and two associates.  
Nice size.}  Kb8 23.Qe1 {Four lawyers.}  Qf6 {It 
has been very busy for me lately. Several major 
closings over the next few weeks.}  24.g4 
{Probably won't be long until you "close" this 
one!}  d3 25.Rg3 {Things look bleak for me.}  Qxb2 
{I have to agree that things are looking pretty 
good for the black team.}  0-1

[Event "HCL-B160"]
[Site "www.playchess.de"]
[Date "2001.03.22"]
[Round "15"]
[White "shepherd"]
[Black "waz2000"]
[WhiteElo "1420"]
[BlackElo "1967"]
[PlyCount "56"]
[Result "0-1"]

1.e4 e5 2.Nf3 d5 3.exd5 Qxd5 4.Nc3 Qe6 5.b3 Nc6 
6.Bc4 Qg6 7.O-O Bh3 8.Nh4 Qg4 9.Qxg4 Bxg4 10.Bb2 
Bd6 11.Nb5 Nge7 12.Nxd6+ cxd6 13.f4 O-O 14.f5 d5 
15.Bb5 f6 16.h3 Bh5 17.g4 Bf7 18.Nf3 a6 19.Be2 
Rac8 20.c4 e4 21.Nd4 Nxd4 22.Bxd4 dxc4 23.Bxc4 
Bxc4 24.bxc4 Rxc4 25.Be3 Rfc8 26.Rfb1 b5 27.Rb2 
Nd5 28.Kf2 Nb4 0-1

[Event "ACL-A086"]
[Site "www.playchess.de"]
[Date "2001.03.22"]
[Round "7"]
[White "Smutje"]
[Black "Brent"]
[WhiteElo "1147"]
[BlackElo "1500"]
[PlyCount "47"]
[Result "1-0"]

1.Nf3 {hi}  g6 {hello, good luck to you}  2.Ng5 
{thanks! the thame to you}  d5 3.e3 e5 4.h4 Bh6 
5.Qf3 Bxg5 6.hxg5 Be6 7.a4 Qxg5 8.Bb5+ c6 9.Be2 
Nd7 10.a5 Ngf6 11.a6 b5 12.b3 e4 13.Qg3 Qxg3 
14.fxg3 Rb8 15.d4 Rb6 16.Nc3 Nb8 17.Rf1 Nfd7 18.b4 
Rxa6 19.Rb1 Nb6 20.Kf2 Nc4 21.Kg1 O-O 22.Kf2 Nd7 
23.Kg1 Rb6 24.g4 1-0

[Event "HCL-A072"]
[Site "www.playchess.de"]
[Date "2001.03.22"]
[Round "5"]
[White "JOPE"]
[Black "Dany"]
[WhiteElo "1377"]
[BlackElo "1437"]
[PlyCount "45"]
[Result "1-0"]

1.e4 {Greetings from Stockholm, Sweden!}  c6 
{Hi!I'm Italian boy,from Naples...good game!:)}  
2.d4 d5 3.Nc3 dxe4 4.Nxe4 Bf5 5.Ng3 Bg6 6.h4 h6 
7.h5 Bh7 8.Nf3 Qc7 9.Bc4 Nd7 10.Be3 e6 11.Qd2 Bd6 
12.O-O-O Ngf6 13.Bd3 Bxd3 14.Qxd3 Bxg3 15.fxg3 
Qxg3 16.Rd2 O-O-O 17.c4 e5 18.Rh3 Qg4 19.Rh4 Qe6 
20.d5 cxd5 21.cxd5 Qd6 22.Bxa7 b6 
23.Qa6+ 1-0

[Event "HCL-A072"]
[Site "www.playchess.de"]
[Date "2001.03.22"]
[Round "12"]
[White "teenspirit"]
[Black "Dany"]
[WhiteElo "1762"]
[BlackElo "1437"]
[PlyCount "35"]
[Result "1-0"]

1.d4 {Hi again Dany!}  c6 {Hi!...eheh this is 
re-match!...good luck!:)}  2.c4 {Good luck to u 
too Dany. Gonna try revenge I see...}  d5 3.Nf3 
Nf6 4.Nc3 e6 5.e3 Bb4 6.Qc2 Nbd7 7.Bd3 O-O 8.O-O 
Re8 9.Ne5 Bd6 10.f4 h6 11.e4 dxc4 12.Bxc4 Qb6 
13.Be3 Bxe5 14.fxe5 Nxe5 15.Na4 Nxc4 {i'm 
crazy...very crazy!:))}  16.Nxb6 {yeah!}  Nxe3 
17.Qd3 Nxf1 18.Nxa8 1-0

[Event "HCL-C173"]
[Site "www.playchess.de"]
[Date "2001.03.22"]
[Round "6"]
[White "dg"]
[Black "tomthebomb"]
[WhiteElo "1105"]
[BlackElo "1000"]
[PlyCount "29"]
[Result "1-0"]

1.e4 e5 2.Nf3 Nc6 3.Bb5 Nge7 {what do you think 
about "soepkieke"}  4.d3 a6 5.Bxc6 Nxc6 6.O-O f6 
7.Be3 Bd6 8.Nc3 O-O 9.d4 Qe8 10.d5 Na5 11.h3 Nc4 
12.b3 Nxe3 13.fxe3 Qe7 14.a4 c6 
15.Ne2 1-0

[Event "HCL-C174"]
[Site "www.playchess.de"]
[Date "2001.03.22"]
[Round "5"]
[White "jjbranc"]
[Black "AtillaX"]
[WhiteElo "1000"]
[BlackElo "1000"]
[PlyCount "55"]
[Result "1-0"]

1.e4 Nf6 {hello}  2.Nc3 Nc6 3.Nf3 Nb4 4.d3 g5 
5.Bxg5 d5 6.e5 Bg7 7.exf6 exf6 8.Bh4 Qd6 {death to 
all who oppose Vlad the Impaler}  9.Nb5 Qe6+ {I 
will surely taste blood again today}  10.Be2 Bd7 
{the stench of death is in the midst}  11.Nxc7+ 
Kf8 12.Nxe6+ Bxe6 13.O-O Bf5 14.Nd4 Bg6 15.Nb5 Rc8 
16.c3 Re8 17.cxb4 Bh6 18.Bxf6 Rg8 19.Nc7 Re6 
20.Qa4 Rxf6 21.Qe8+ Kg7 22.Qe5 Rc8 23.Nxd5 Rcc6 
24.Nxf6 Rxf6 25.a4 Bd2 26.g4 h6 27.h4 Bxb4 
28.g5 1-0

[Event "HCL-B170"]
[Site "www.playchess.de"]
[Date "2001.03.22"]
[Round "7"]
[White "peizoriat"]
[Black "ric70"]
[WhiteElo "1200"]
[BlackElo "1552"]
[PlyCount "56"]
[Result "0-1"]

1.e4 {Hello!}  c5 2.Nf3 Nc6 3.Bc4 Nf6 4.Ng5 e6 
5.d3 d5 6.e5 dxc4 7.Be3 Nxe5 8.Nc3 cxd3 9.O-O Be7 
10.cxd3 Nfg4 11.Nce4 Nxe3 12.fxe3 Bxg5 13.d4 Bxe3+ 
14.Kh1 Bxd4 15.Rc1 b6 16.Qe1 Ba6 17.Rf4 Nd3 18.Qd2 
Be5 19.Rcf1 Nxf4 20.Qd1 Qxd1 21.Rxd1 O-O 22.Ng5 
Rad8 23.Re1 Rd2 24.Nf3 Rd5 25.Nxe5 Rfd8 26.h3 R5d1 
27.Nf3 Rxe1+ 28.Nxe1 Rd1 0-1

[Event "HCL-B174"]
[Site "www.playchess.de"]
[Date "2001.03.22"]
[Round "6"]
[White "Jozef_De_Meye"]
[Black "Bauernopfer"]
[WhiteElo "1552"]
[BlackElo "1325"]
[PlyCount "50"]
[Result "0-1"]

1.d4 d5 2.c4 dxc4 3.e4 e5 4.dxe5 Qxd1+ 5.Kxd1 Nc6 
6.Nf3 Bg4 7.Nbd2 O-O-O 8.Bxc4 Nxe5 9.Be2 Nxf3 
10.Bxf3 Bxf3+ 11.gxf3 Bb4 12.a3 Bxd2 13.Bxd2 Ne7 
14.Ke2 Nc6 15.Rac1 Rhe8 16.Rc2 Nd4+ 17.Kd1 Nxc2 
18.Kxc2 a6 19.f4 Rxe4 20.Re1 Rxe1 21.Bxe1 g6 22.h4 
f5 23.Bc3 c6 24.b4 b5 25.Kb3 Rd3 0-1

[Event "HCL-B172"]
[Site "www.playchess.de"]
[Date "2001.03.22"]
[Round "4"]
[White "victor"]
[Black "uneek"]
[WhiteElo "1567"]
[BlackElo "1215"]
[PlyCount "57"]
[Result "1-0"]

1.e4 c5 {Hello!}  2.c3 {hello too!}  d5 3.exd5 
Qxd5 4.d4 cxd4 5.cxd4 Nc6 6.Nf3 Bg4 7.Be2 Nf6 
8.Nc3 Qa5 9.O-O e6 10.Bg5 Be7 11.Bb5 O-O 12.Bxc6 
bxc6 13.h3 Bxf3 14.Qxf3 Qd8 15.Qxc6 h6 16.Bxf6 
Bxf6 17.Rad1 Bxd4 18.Nb5 Qf6 19.Nxd4 Rfd8 20.b4 
Kh7 21.Qe4+ g6 22.a4 Rab8 23.Nc6 Rxd1 24.Rxd1 Rb7 
25.b5 Rc7 26.Qe5 Qxe5 27.Nxe5 Kg7 28.Rd7 Rxd7 {GG 
- I can not stop them and I am so far down that I 
will resign next move.}  29.Nxd7 {Thank you for 
the game. See you in the next tournament.} 
 1-0

[Event "HCL-A075"]
[Site "www.playchess.de"]
[Date "2001.03.22"]
[Round "16"]
[White "hisamawi_s"]
[Black "Sd_68"]
[WhiteElo "1700"]
[BlackElo "1748"]
[PlyCount "32"]
[Result "0-1"]

1.e4 d6 2.d4 {hiii from JORDAN to LEBANON i mess 
you )22 m Irbed & feda rate (2110)}  Nf6 {Hi. I am 
32 m. Only rating is 1820 IECG.}  3.Nc3 g6 4.Bd3 
Bg7 5.Nf3 O-O 6.h3 c6 7.O-O b5 8.e5 dxe5 9.dxe5 
Nd5 10.Re1 Be6 11.Ne4 Nb4 12.Nc5 Bxa2 13.Bg5 Nd7 
14.Nxd7 Qxd7 15.Qd2 Nxd3 16.cxd3 
Bd5 0-1

[Event "HCL-A081"]
[Site "www.playchess.de"]
[Date "2001.03.22"]
[Round "9"]
[White "kondor"]
[Black "teenspirit"]
[WhiteElo "1638"]
[BlackElo "1722"]
[PlyCount "33"]
[Result "1-0"]

1.d4 f5 {Hi again}  2.e4 {Hi!}  fxe4 3.Nc3 Nf6 
4.f3 d5 5.fxe4 dxe4 6.Bg5 Nc6 7.Bb5 Bf5 {Is this 
theorical??}  8.d5 {I doubt. Usually 6.... Bf5.}  
a6 9.Ba4 b5 {I have no idea about this line... I 
never play dutch! :)}  10.Nxb5 {:)}  axb5 11.Bxb5 
Bd7 {Well... seems interesting...}  12.dxc6 Bg4 
13.Qxd8+ Rxd8 14.Bc4 Rd6 15.Bf4 Rd4 16.Bb3 Nd5 
17.Be5 1-0

[Event "HCL-B184"]
[Site "www.playchess.de"]
[Date "2001.03.22"]
[Round "11"]
[White "Bauernopfer"]
[Black "dg"]
[WhiteElo "1307"]
[BlackElo "1076"]
[PlyCount "71"]
[Result "1-0"]

1.e4 e5 2.Nf3 Nc6 3.Bb5 Nge7 4.d3 {A little bit 
boring if we play in both the same, only with 
changed colours.}  d6 5.O-O {.}  a6 6.Ba4 b5 7.Bb3 
h6 8.Nc3 Bb7 9.Be3 Ng6 10.h3 Be7 11.Nd5 Na5 
12.Nxe7 Qxe7 13.Qd2 O-O 14.Qxa5 Qf6 15.Qxc7 Rab8 
16.Ba7 Rfc8 17.Qb6 Rc6 18.Qxc6 Bxc6 19.Bxb8 Qe7 
20.a3 Qd7 21.Bd5 Bxd5 22.exd5 Kf8 23.Nd2 Ke7 
24.Ne4 f5 25.Nxd6 Kd8 26.Rfe1 h5 27.d4 e4 28.f3 
Ne7 29.fxe4 Ng8 30.Nxf5 g6 31.Nd6 Ke7 32.e5 Nh6 
33.Ref1 g5 34.Rf6 Qd8 35.Rxh6 Qxb8 
36.Rh7+ 1-0

[Event "HCL-A081"]
[Site "www.playchess.de"]
[Date "2001.03.22"]
[Round "11"]
[White "peze"]
[Black "jimmyaaa"]
[WhiteElo "1970"]
[BlackElo "1700"]
[PlyCount "51"]
[Result "1/2-1/2"]

1.c4 {Hi! Let's have a nice game.}  Nf6 2.Nc3 e6 
3.Nf3 Bb4 4.Qc2 O-O 5.a3 Bxc3 6.Qxc3 b6 7.g3 Bb7 
8.Bg2 c5 9.b4 d6 10.O-O Nbd7 11.Bb2 Rc8 12.d3 d5 
13.cxd5 Bxd5 14.b5 c4 15.Rac1 cxd3 16.Qxd3 Nc5 
17.Qe3 Nfe4 18.Rfd1 Qe8 19.Nd4 f5 20.f3 Nf6 21.Rc2 
Qd7 22.Rcd2 Qf7 23.Qf4 Nb3 24.Nxb3 Bxb3 25.Rb1 Bd5 
26.Qg5 1/2-1/2

[Event "HCL-A080"]
[Site "www.playchess.de"]
[Date "2001.03.22"]
[Round "21"]
[White "swiety"]
[Black "Dr_Marinko"]
[WhiteElo "1700"]
[BlackElo "1700"]
[PlyCount "47"]
[Result "1-0"]

1.e4 {hello from nyc}  e5 {hi...good luck!}  2.Nf3 
{where you from?}  Nc6 {I`m from Bosnia and 
Herzegovina.}  3.Bb5 {what city?}  d6 {Mostar.You 
are from New York?}  4.d4 {yes new york city}  Bd7 
{cool...the capital of the world}  5.Nc3 Nf6 
6.Bxc6 Bxc6 7.Qd3 exd4 8.Nxd4 Bd7 9.Bg5 Be7 
10.O-O-O Bg4 11.f3 Bd7 12.Rhe1 h6 13.Be3 a6 14.g4 
Nh7 15.Nf5 Bxf5 16.gxf5 Qd7 17.Qd4 Bf6 18.e5 Bxe5 
19.Bf2 Qxf5 20.f4 O-O 21.fxe5 dxe5 22.Rxe5 Qh3 
23.Rg1 Qxh2 24.Rxg7+ 1-0